000 00635nam a2200193Ia 4500
001 15106
003 GE_BSU
008 181216s||||||||xx |||||||||||||| ||und||
040 _cGE_BSU
080 _a517(075.8)
100 _aВиленкин, Н.Я. Балк,М.Б. Петров,В.А.
245 _aМатематический анализ. Мощность. Метрика. Интеграл
260 _aМосква
260 _bПросвещение.
260 _c1980
300 _a142стр.22см.
653 _aМатематический анализ..Мощность. Метрика. Интеграл
942 _cBK
999 _c48222
_d48222